Outras tantas histórias indígenas de origem das coisas e do universo (Record no. 62419)

MARC details
000 -LÍDER
campo de controle de tamanho fixo 00444 a2200157 4500
001 - NÚMERO DE CONTROLE
campo de controle 62419
020 ## - ISBN - INTERNATIONAL STANDARD BOOK NUMBER
ISBN - International Standard Book Number 9788526012561
040 ## - FONTE DA CATALOGAÇÃO
Instituição que transcreveu o registro Anchieta - Pituba
100 ## - ENTRADA PRINCIPAL--NOME PESSOAL
Nome pessoal Munduruku, Daniel
240 10 - TÍTULO UNIFORME
Título uniforme Outras tantas histórias indígenas de origem das coisas e do universo
Idioma da obra por
245 10 - TÍTULO
Título Outras tantas histórias indígenas de origem das coisas e do universo
300 ## - DESCRIÇÃO FÍSICA
Extensão 45
362 0# - DATAS DE PUBLICAÇÃO E/OU DESIGNAÇÃO SEQUENCIAL
Datas de publicação e/ou designação sequencial 2008
650 #4 - ASSUNTO--TERMO TÓPICO
Cabeçalho tópico ou nome geográfico Literatura juvenil
942 ## - ELEMENTOS DE ENTRADA ADICIONADOS (KOHA)
Tipo de material Koha Livros
Holdings
Situação do descarte Situação das perdas Situação física Não pode ser emprestado Biblioteca de origem Biblioteca atual Data de aquisição Total de empréstimos Número de chamada completo Código de barras Data de último acesso Data do preço efetivo Tipo de material Koha
        Colégio Anchieta - Pituba Colégio Anchieta - Pituba 21/11/2023   LJ 028.5 M965o MUN OUT 15302/PIT 21/11/2023 21/11/2023 Livros
        Leonardo Da Vinci - Alphaville 2 Leonardo Da Vinci - Alphaville 2 27/03/2024   028.5 M928o 2A473 27/03/2024 27/03/2024 Livros